000 00833cam a2200157 4500500
005 20260405002241.0
041 _afre
042 _adc
100 1 0 _aThiriet, Damien
_eauthor
245 0 0 _aJerzy Kloczowki, Daniel Beauvois, Natalie Aleksiun et alii, Histoire de l’Europe du Centre-Est . PUF, coll. Nouvelle Clio, CXVI, 996 p., 68 €.
260 _c2005.
500 _a16
520 _aRésuméJules Verne distingue deux sources aux obstacles, aux réussites, aux échecs et aux succès de l’aventure : les éléments naturels, leur connaissance et leur maîtrise, et les conflits humains qui vont apparaître comme la source la plus réelle de perdition.
786 0 _nÉtudes | 403 | 7 | 2005-07-01 | p. I-I | 0014-1941
856 4 1 _uhttps://shs.cairn.info/revue-etudes-2005-7-page-I?lang=fr&redirect-ssocas=7080
999 _c2055858
_d2055858